Момичето, което преследваше луната (Запис номер 98314)
[ съкратено ]
| 000 -Лидер | |
|---|---|
| Контролно поле с фиксирана дължина | 01586nam a2200361 a 4500 |
| 003 - Код на организацията, давaща контролен номер | |
| Контролно поле | BLK |
| 005 - Дата и час на последна редакция | |
| Контролно поле | 20250730114028.0 |
| 008 - Елементи от данни с фиксирана дължина | |
| fixed length control field | 180409b bul|||||r ||||||| ||bul|| |
| 010 ## - Наследен системен номер | |
| LC control number | KNG00103253000 |
| 020 ## - Международен стандартен номер на книга ISBN | |
| Международен стандартен номер на книга ISBN | 978-954-389-095-8 |
| 040 ## - Източник на каталожния запис | |
| Идентификатор на билиотеката - собственик на записа | BLK |
| 041 ## - Код за език | |
| Код за езика на текст/звукозапис или на отделно заглавие | Български |
| Код за езика КДБФ | Български |
| 072 #7 - Код за тематичната категория | |
| Код организация | bullib |
| Код за тематична категория | Н83 |
| Текст | Чужда художествена литература Н |
| 080 ## - УДК | |
| Текстов определител УДК | Американска литература (на САЩ) |
| УДК код - определител по УДК | 821.111(73) |
| УДК определител | -31 |
| УДК - код + определител | 821.111(73)-31 |
| 100 1# - Редна дума - Автор | |
| Автор | Алън, Сара Адисън |
| Авторска отговорност | първи автор |
| R(LIN) | 281347 |
| 139 ## - Редно поле | |
| Редна дума | Алън, Сара Адисън |
| Авторски знак | Алш - А 59 |
| 245 10 - Сведения за заглавието | |
| Заглавие | Момичето, което преследваше луната |
| Подзаглавни данни | Роман |
| Редно поле (дума) | Сара Адисън Алън; прев. от англ. Емилия Станимирова Карастойчева. |
| 257 ## - Страна на издаване | |
| Страна на създаване/издаване | Съединени американски щати |
| 260 ## - Област на издателските данни | |
| Име на издателя, разпространителя и проч. | Ера |
| Година на издаване | 2010 |
| Печатница | София : Експреспринт |
| 300 ## - Физическа характеристика | |
| Страници | 256 с. |
| Размери/Мащаб | 20 см |
| 380 ## - Жанр | |
| Жанр | Худож. лит. |
| 500 ## - Общи забележки | |
| Забележка | Ориг. загл. The Girl Who Chased the Moon / Sarah Addison Allen. |
| 653 ## - Ключова дума – ненормативна | |
| Ключова дума | романи |
| 659 ## - Тематичен бюлетин | |
| Тематичен бюлетин | Н |
| 700 1# - Други автори (авторска отговорност) | |
| Лично име | Карастойчева, Емилия Станимирова |
| Дати, свързани с автора | 1971 - |
| Друга информация | Индолог. Преводач от английски език |
| Пълна форма на името | Ничева-Карастойчева, Емилия Станимирова |
| 9 (RLIN) | 76920 |
| 852 ## - Местоположение | |
| Форматна сигнатура | Цб 254858 |
| 856 4# - Електронен адрес и достъп | |
| Електронен формат | pdf - файл |
| 856 4# - Електронен адрес и достъп | |
| Електронен формат | pdf - файл |
| 999 ## - СИСТЕМНИ КОНТРОЛНИ НОМЕРА | |
| Koha biblionumber | 98314 |
| Koha biblioitemnumber | 98314 |
| 942 ## - АРТИКУЛИ | |
| Вид на библиотечния материал | Книги |
| Скрит в OPAC | Не |
| Koha issues (borrowed), all copies | 48 |
| 944 ## - СЪЗДАВАНЕ И РЕДАКЦИЯ на ЗАПИСА | |
| Създаване/Редакция | Създаване |
| Дата на регистрацията/редакция | 17.04.2012 |
| Статус, дата на статуса | Цветелина Шанова |
| Служител, извършил регистрацията/редакцията | 30531 |
| 944 ## - СЪЗДАВАНЕ И РЕДАКЦИЯ на ЗАПИСА | |
| Създаване/Редакция | Редакция |
| Дата на регистрацията/редакция | 29.12.2017 |
| Статус, дата на статуса | ф / |
| Служител, извършил регистрацията/редакцията | Людмила_Стоянова |
| 999 ## - СИСТЕМНИ КОНТРОЛНИ НОМЕРА | |
| Koha biblioitemnumber | 98314 |
| Код за отписване | Код за изгубен артикул | Код за повреда | Коз за рестрикции | Код за отдаване | Артикулен № | Име на библиотеката - собственик | Име на библиотеката, в която се намира в момента | Статус (Текущо местоположение) | Дата на вписване в системата | Местоположение - отдел | Цена в лева | Инвентарен номер | Систематично азбучна сигнатура | Баркод | Номер на екземпляра | Цена в евро | Служебна бележка | Служебен тип на артикула | Източник на класификационната схема |
|---|---|---|---|---|---|---|---|---|---|---|---|---|---|---|---|---|---|---|---|
| Не е изгубен | Не е повреден | без рестрикции | ползва се в читалня | 158187 | Регионална библиотека "Любен Каравелов" Русе | Регионална библиотека "Любен Каравелов" Русе | Хранилище | 2012-04-20 | Хранилище | 12.90 | 120000757140 | Цб 254858 | 120000757140 | 1 | 6.60 | Дост: Dp Вид: Д N: 19 Дата: 10.05.2011 | Книги | ||
| Изтеглен | Не е изгубен | Не е повреден | без рестрикции | заемане за дома | 158188 | Регионална библиотека "Любен Каравелов" Русе | Регионална библиотека "Любен Каравелов" Русе | Заемна - подръчен фонд | 2016-04-28 | Заемна - подръчен фонд | 6.44 | 120000799906 | П 821-31/А 59 С | 120000799906 | 2 | 3.29 | Дост: Pk Вид: Ф N: 9852 Дата: 25.04.2016 Дата инв: 15.02.2018 Бележки инв: П2018 | Книги | Universal Decimal Classification |
| Не е изгубен | Не е повреден | без рестрикции | заемане за дома | 158189 | Регионална библиотека "Любен Каравелов" Русе | Регионална библиотека "Любен Каравелов" Русе | Заемна - подръчен фонд | 2017-12-15 | Заемна - подръчен фонд | 5.00 | 120000818186 | П 821-31/А 59 | 120000818186 | 3 | 2.56 | Дост: Pk Вид: Ф N: 498 Дата: 15.12.2017 Дата инв: 07.03.2018 Бележки инв: П2018 | Книги | Universal Decimal Classification | |
| Не е изгубен | Не е повреден | без рестрикции | заемане за дома | 677581 | Регионална библиотека "Любен Каравелов" Русе | Регионална библиотека "Любен Каравелов" Русе | Заемна - подръчен фонд | 2018-06-18 | Заемна - подръчен фонд | 5.00 | 120000821134 | П 820(73)-31/А 59 | 120000821134 | 2.56 | Книги | Universal Decimal Classification |